La Literatura Peruana : (Record no. 3399)
[ view plain ]
| 000 -CABECERA | |
|---|---|
| fixed length control field | 00835nam a22002057a 4500 |
| 003 - IDENTIFICADOR DEL NÚMERO DE CONTROL | |
| control field | AR-CdUCM |
| 008 - DATOS DE LONGITUD FIJA--INFORMACIÓN GENERAL | |
| fixed length control field | 190306b ||||| |||| 00| 0 spa d |
| 040 ## - FUENTE DE LA CATALOGACIÓN | |
| Agencia/entidad que catalogó originalmente la obra | MUNICIPALIDAD PROVINCIAL DEL CUSCO |
| Entidad que transcribió la catalogación | BIBLIOTECA MUNICIPAL DEL CUSCO |
| 082 ## - NÚMERO DE LA CLASIFICACIÓN DECIMAL DEWEY | |
| No. de la edición | 5ed. |
| No. de Clasificación | 869.56 / |
| Notacion interna | S21 |
| 100 ## - ENTRADA PRINCIPAL--NOMBRE DE PERSONA | |
| Nombre Personal | Sanchez, Luis Alberto |
| 245 ## - MENCIÓN DE TÍTULO | |
| Título | La Literatura Peruana : |
| Resto del título | Derrotero para una Historia Cultural del Perú / |
| 260 ## - PUBLICACIÓN, DISTRIBUCIÓN, ETC. | |
| Lugar de publicación, distribución, etc. | Lima : |
| Nombre de la editorial, distribuidor, etc. | Juan Mejía Baca, |
| Fecha de publicación, distribución, etc. | 1981. |
| 300 ## - DESCRIPCIÓN FÍSICA | |
| Nº de Páginas Extensión | 735 páginas ; |
| Dimensiones | 25 cm. |
| 505 ## - NOTA DE CONTENIDO CON FORMATO | |
| Nota de contenido formateada | Apogeo y decadencia del barroquismo -- El Barroquismo colonial y Góngora -- El apogeo culterano -- La Ciudad de Dios: Místicos, teólogos, predicadores y cronistas de convento -- La calle: La mujer y la comedia... |
| 650 ## - PUNTO DE ACCESO ADICIONAL DE MATERIA--TÉRMINO DE MATERIA | |
| Descriptor | Literatura |
| 9 (RLIN) | 83 |
| 650 ## - PUNTO DE ACCESO ADICIONAL DE MATERIA--TÉRMINO DE MATERIA | |
| Descriptor | Perú |
| 9 (RLIN) | 35 |
| 650 ## - PUNTO DE ACCESO ADICIONAL DE MATERIA--TÉRMINO DE MATERIA | |
| Descriptor | Poesía |
| 9 (RLIN) | 139 |
| 942 ## - ELEMENTOS DE PUNTO DE ACCESO ADICIONAL (KOHA) | |
| Fuente de clasificación | |
| Tipo de item | Libros-BMC |
| 945 ## - PROCESAMIENTO DE INFORMACIÓN LOCAL (OCLC) | |
| Catalogador | dmma |
No items available.